Statistics for Five Most Common Deathbed Regrets

Click here to take the quiz!

General Stats

  • This quiz has been taken 48 times
  • The average score is 4 of 5

Answer Stats

answer% Correct
I regret losing touch with so many of my {friends}
100%
I wish I'd lived my life the way I {wanted}, not how others expected me to behave
96%
I wish I'd been brave enough to express my {feelings} more
83%
I wish I hadn't dedicated so much of my life to {working} so hard
76%
I wish I'd let myself be {happier}
41%

Score Distribution

Percentile by Number Answered

Percent of People with Each Score

Your Score History

You have not taken this quiz